000 00513nam a22001937a 4500
005 20251223144522.0
008 251223b |||||||| |||| 00| 0 eng d
020 _a9780415125246
_c£ 79.99
040 _aMAIN
082 _a304.2
_bG117E
100 _aGadgil, Madhav
245 _aEcology and equity: The use and abuse of nature in contemporary India
260 _aOxon
_bRoutledge
_c1995
300 _a213
650 _aSociology
650 _aHuman Ecology
700 _aGuha, Ramachandra
942 _cBK
999 _c395921
_d395921